00728nam a2200205 a 450000100100000000500170001000800410002702000150006804000250008310000320010824500630014025000120020326000940021530000270030949000220033650000680035850400260042671000480045283000220050000004037720201002034107.0130823s2001 mx 000 0 spa d a9683690165 aDO-SdBNPbspacBNPHU1 aMora-Donato, Cecilia Yudith10aDerechos de los campesinos /cCecilia Yudith Mora-Donato,. a2a. ed. aMéxico :bUniversidad Nacional Autónoma de México :bCámara de Diputados;,c2001. a77 p. :bil. ;c22 cm.1 aNuestros derechos aIncluye datos biográficos de los autores en la contracubierta aBibliografía : p.772 aUniversidad Nacional Autónoma de México 0aNuestros derechos